000 00931nam a2200229 a 4500
001 2010891
003 AM-YeHGA
005 20250617165035.0
008 250317s1921 ru ||||| |||| 00| 0 rus d
040 _aAM-YeHGA
041 0 _arus
100 1 _aВызинский, Генрих Викентьевич
245 1 0 _aПапство и Священная Римская империя в XIV и XV столетии, до Базельского собора /
_cГ. Вызинский.
250 _a2-е изд.
260 _aКазань :
_bДрузья книги,
_c1921.
300 _a152 с.
440 0 _aИсторическая библиотека.
_p(Лекции, статьи и рефераты по истории отдельных народов, стран и эпох).
650 1 4 _aПапство
650 1 4 _aСвященная Римская империя
942 _2udc
_cBK
090 _c573091
999 _c533677
_d533677